000 00392nam a2200169Ia 4500
008 220531s9999 xx 000 0 und d
041 _aeng
082 _bLAL
100 _aLall, Ramji
_940206
245 _aAbsalom And Achitophel
260 _bRama
_c1999
300 _a200
542 _d27-12-1998
650 _aEnglish
_940207
906 _d1998-1999
_f6854
999 _c24178
_d24178